[Event "AUTO-ADV-181"]
[Site "http://www.queenalice.com/game.php?id=73566"]
[Date "2006.6.1"]
[Round "1"]
[White "Viper_SB"]
[Black "mpangoni"]
[Result "1-0"]
[WhiteElo "1579"]
[BlackElo "1447"]

1. e4 e5 2. Nf3 Nf6 3. Nxe5 Nxe4 4. Qf3 Qf6 5. Qxe4 Bd6 6. Ng4+ Qe6 7. Qxe6+
dxe6 8. d4 O-O 9. Bd2 Nc6 10. Bd3 Nxd4 11. Nc3 e5 12. O-O-O Bxg4 13. f3 Be6 14.
h4 c5 15. h5 c4 16. Be4 f5 17. Bxb7 Rab8 18. Bd5 Rfe8 19. Bxe6+ Rxe6 20. h6 gxh6
21. Bxh6 e4 22. Rxd4 exf3 23. gxf3 Bg3 24. Rxc4 Rbe8 25. b4 Kf7 26. Rc7+ R8e7
27. Rxe7+ Rxe7 28. Rd1 Kg6 29. Bf8 Bf4+ 30. Kb1 Re3 31. Rg1+ Kf7 32. Bg7 Rxc3
33. Bxc3 Ke6 34. Rg7 h6 35. Rxa7 h5 36. Rh7 Kd5 37. Rxh5 Kc4 38. Kb2 Bg3 39. a4
f4 40. a5 Bf2 41. a6 Be3 42. Bd2 Bd4+ 43. c3 Ba7 44. Bxf4 Kd3 45. Rh7 Ke2 46.
Rxa7 Kxf3 47. Rf7 Ke4 48. a7 Kd5 49. a8=Q+ Ke6 50. Qe8+ Kd5 51. Rd7+ Kc6 52.
Qc8+ Kb6 53. Rb7+ Ka6 54. Qa8# 1-0

[Event "AUTO-ADV-181"]
[Site "http://www.queenalice.com/game.php?id=73567"]
[Date "2006.6.1"]
[Round "1"]
[White "mpangoni"]
[Black "Viper_SB"]
[Result "0-1"]
[WhiteElo "1507"]
[BlackElo "1427"]

1. e4 d5 2. Nc3 d4 3. Nd5 e6 4. Nf4 Bd6 5. Ngh3 e5 6. Nd5 Nf6 7. Bc4 Bg4 8. f3
Bxh3 9. gxh3 O-O 10. Qe2 c6 11. Rg1 cxd5 12. Bxd5 Na6 13. Qg2 g6 14. Bxb7 Rb8
15. Bxa6 Qc7 16. Qg5 Be7 17. Qh6 Qxc2 18. d3 Qxh2 19. Rg5 Bb4+ 20. Kf1 Bd2 21.
Rg2 Qh1+ 22. Rg1 Qxf3# 0-1

[Event "AUTO-ADV-181"]
[Site "http://www.queenalice.com/game.php?id=73574"]
[Date "2006.6.1"]
[Round "1"]
[White "kame_84"]
[Black "mpangoni"]
[Result "1-0"]
[WhiteElo "1519"]
[BlackElo "1523"]

1. e4 e5 2. Bc4 Be7 3. Nf3 Nf6 4. Nxe5 Nxe4 5. Nxf7 d5 6. Nxd8 dxc4 7. O-O Bxd8
8. Re1 Bf5 9. d3 cxd3 10. cxd3 Bg6 11. dxe4 Rf8 12. Qa4+ Nd7 13. Rd1 c6 14. Qd4
Nf6 15. e5 Bb6 16. Qd6 Ne4 17. Qd7# 1-0

[Event "AUTO-ADV-181"]
[Site "http://www.queenalice.com/game.php?id=73575"]
[Date "2006.6.1"]
[Round "1"]
[White "mpangoni"]
[Black "kame_84"]
[Result "0-1"]
[WhiteElo "1475"]
[BlackElo "1606"]

1. e4 e6 2. Nf3 d5 3. Bd3 Nf6 4. O-O dxe4 5. Ne5 exd3 6. Nxd3 Bd6 7. Nc3 O-O 8.
Qe1 Nc6 9. b3 Nb4 10. a3 Nxc2 11. Qd1 Nxa1 12. b4 e5 13. Bb2 e4 14. Nc1 Be5 15.
Bxa1 Bxc3 16. Bxc3 Qd6 17. Bxf6 Qxf6 18. Re1 Bf5 19. Re3 Rad8 20. g4 Bg6 21. Rc3
c6 22. Ne2 Rd3 23. Rc4 Rfd8 24. Qc2 Qf3 25. a4 Rxd2 26. Qxe4 Rd1# 0-1

[Event "Morte ao palmito!"]
[Site "http://www.queenalice.com/game.php?id=75236"]
[Date "2006.6.9"]
[Round "-"]
[White "mpangoni"]
[Black "filipe"]
[Result "0-1"]
[WhiteElo "1477"]
[BlackElo "1754"]

1. e4 c5 2. c4 Nc6 3. Be2 g6 4. Nf3 Nf6 5. d3 Bg7 6. O-O O-O 7. d4 Nxe4 8. dxc5
Nxc5 9. Qd5 d6 10. Qd4 Bxd4 11. Nxd4 Nxd4 12. Bh6 Nxe2+ 13. Kh1 Re8 14. Nc3 Nxc3
15. bxc3 Bf5 16. Kg1 Bd3 17. Rfe1 Bxc4 18. Re3 e5 19. g3 g5 20. h4 f6 21. f4
gxh4 22. gxh4 Kh8 23. f5 Rg8+ 24. Kf2 Nd3+ 25. Kf3 e4+ 26. Rxe4 Bd5 27. Ke3 Bxe4
28. Kxe4 Nc5+ 29. Kd4 Qe8 30. Bf4 Qe4# 0-1

[Event "Revanche"]
[Site "http://www.queenalice.com/game.php?id=75641"]
[Date "2006.6.11"]
[Round "-"]
[White "wandi"]
[Black "mpangoni"]
[Result "1-0"]
[WhiteElo "1558"]
[BlackElo "1404"]

1. e4 e5 2. Nf3 Be7 3. Nxe5 d6 4. Nf3 Nf6 5. Nc3 O-O 6. d4 Nc6 7. Bb5 a6 8. Ba4
b5 9. Bb3 Nd7 10. O-O Na5 11. Bd5 c6 12. b4 cxd5 13. bxa5 Qxa5 14. Nxd5 Re8 15.
Qd2 Qxd2 16. Bxd2 Nf6 17. Nc7 Ra7 18. Nxe8 Nxe8 19. e5 Rc7 20. Rac1 d5 21. Bf4
Ba3 22. Rb1 Bf5 23. Rb3 Be7 24. e6 Bxc2 25. Bxc7 Nxc7 26. Rc1 Bxb3 27. Rxc7 Bd1
28. Rc8+ Bf8 29. e7 Bxf3 30. exf8=Q# 1-0

[Event "Challenge"]
[Site "http://www.queenalice.com/game.php?id=75753"]
[Date "2006.6.11"]
[Round "-"]
[White "adilson_camargo"]
[Black "mpangoni"]
[Result "1-0"]
[WhiteElo "1552"]
[BlackElo "1415"]

1. d4 e6 2. c4 d6 3. Nc3 Nf6 4. Bg5 Be7 5. e3 O-O 6. Bd3 h6 7. Bxf6 Bxf6 8. Nf3
c5 9. O-O e5 10. dxe5 dxe5 11. Be4 Qe7 12. Nd5 Qe6 13. Nc7 Qxc4 14. Bd5 Qb4 15.
Rb1 e4 16. Nd2 Rd8 17. Nxe4 Be5 18. Nxa8 Be6 19. Nc3 Bg4 20. Bxf7+ Kxf7 21. Qxd8
Nc6 22. Qd5+ Kf6 23. Qe4 g6 24. Nd5+ Ke6 25. Nxb4 cxb4 26. Qxg4+ Kd5 27. Rfd1+
1-0

[Event "QA-ANNIV-02"]
[Site "http://www.queenalice.com/game.php?id=76862"]
[Date "2006.6.15"]
[Round "1"]
[White "mpangoni"]
[Black "aeapmestre"]
[Result "0-1"]
[WhiteElo "1378"]
[BlackElo "2107"]

1. e4 Nh6 2. d4 g6 3. Bxh6 Bxh6 4. Nf3 c5 5. dxc5 Qa5+ 6. c3 Qxc5 7. Qd5 Qxd5 8.
exd5 Bc1 9. a4 Bxb2 10. Ra2 Bc1 11. Bc4 d6 12. O-O Bh6 13. Rb2 Nd7 14. Bb5 O-O
15. Re2 Re8 16. c4 a6 0-1

[Event "Challenge"]
[Site "http://www.queenalice.com/game.php?id=78333"]
[Date "2006.6.19"]
[Round "-"]
[White "Chessmachado"]
[Black "mpangoni"]
[Result "1-0"]
[WhiteElo "1555"]
[BlackElo "1428"]

1. d4 e6 2. e4 Nf6 3. Nc3 Be7 4. Nf3 O-O 5. Bc4 d5 6. Bd3 c5 7. e5 cxd4 8. exf6
Bxf6 9. Ne2 Qa5+ 10. Bd2 Qc5 11. O-O e5 12. b4 1-0

[Event "Challenge"]
[Site "http://www.queenalice.com/game.php?id=78486"]
[Date "2006.6.20"]
[Round "-"]
[White "hartto"]
[Black "mpangoni"]
[Result "1-0"]
[WhiteElo "1304"]
[BlackElo "1450"]

1. d4 e6 2. Nf3 Nf6 3. Bg5 Be7 4. Nc3 O-O 5. e4 d5 6. Bxf6 Bxf6 7. e5 Be7 8. Bd3
Nc6 9. O-O Nb4 10. a3 Nxd3 11. Qxd3 c6 12. Ne2 b5 13. Nf4 c5 14. dxc5 Bxc5 15.
Nh3 a6 16. Nhg5 f5 17. b4 Bb6 18. Rae1 d4 19. Rd1 h6 20. Nh3 Bb7 21. Nf4 1-0